Central Library OPAC University of Rajshahi

Theory of production / (Record no. 43709)

MARC details
000 -LEADER
fixed length control field 00616nam a2200217 a 4500
001 - CONTROL NUMBER
control field 43709
003 - CONTROL NUMBER IDENTIFIER
rucl marc code BD-RjUL
005 - DATE AND TIME OF LATEST TRANSACTION
control field 20211209053736.0
008 - FIXED-LENGTH DATA ELEMENTS--GENERAL INFORMATION
fixed length control field 160626s1965 ne a 001 0 eng
035 ## - SYSTEM CONTROL NUMBER
System control number (BD-RjUL)43827
040 ## - CATALOGING SOURCE
Modifying agency UPvMRC
-- BD-RjUL
Original cataloging agency BD-RjUL
Language of cataloging eng
Transcribing agency BD-RjUL
041 ## - LANGUAGE CODE
Language code of text/sound track or separate title eng
082 ## - DEWEY DECIMAL CLASSIFICATION NUMBER
Edition number 23
Classification number 338.01
Author mark and year FRT 1965
100 1# - MAIN ENTRY--PERSONAL NAME
Personal name Frisch, Ragnar.
9 (RLIN) 134325
245 10 - TITLE STATEMENT
Title Theory of production /
Statement of responsibility, etc. Ragnar Frisch.
260 ## - PUBLICATION, DISTRIBUTION, ETC. (IMPRINT)
Place of publication, distribution, etc. Dordrecht, Holland :
Name of publisher, distributor, etc. D. Reidel Pub. Co ,
Date of publication, distribution, etc. 1965.
300 ## - PHYSICAL DESCRIPTION
Pagination xiv, 370 p. :
Illustrations ill. ;
Size 23 cm.
504 ## - BIBLIOGRAPHY, ETC. NOTE
Bibliography, etc Includes index.
650 #0 - SUBJECT ADDED ENTRY--TOPICAL TERM
Topical term or geographic name as entry element Production.
9 (RLIN) 132121
942 ## - ADDED ENTRY ELEMENTS (KOHA)
Source of classification or shelving scheme Dewey Decimal Classification
Koha item type Books
Holdings
Lost status Source of classification or shelving scheme Damaged status Not for loan Collection code Permanent Location Current Location Shelving location Date acquired Source of acquisition Cost, normal purchase price Total Checkouts Full call number Date last seen Copy number Koha item type
  Dewey Decimal Classification   Not For Loan Non-fiction Central Library, University of Rajshahi Central Library, University of Rajshahi Reading Room 15/07/1970 Sweets & Zeitlinger 98.00   338.01 FRT 1965 26/06/2016 C-1 Books
  Dewey Decimal Classification     Non-fiction Central Library, University of Rajshahi Central Library, University of Rajshahi   07/01/1970 Zeit. 98.00   338.01 FRT 1965 27/12/2016 C-2 Books